[Event "SVK-chT1W 1617"]
[Site "Slovakia"]
[Date "2017.03.18"]
[Round "10.1"]
[White "Timoscenko, Gennadij A"]
[Black "Vojtek, Vladimir"]
[Result "1/2-1/2"]
[WhiteElo "2457"]
[BlackElo "2271"]
[PlyCount "115"]
[EventDate "2016.10.15"]
[EventType "team-tourn"]
[EventRounds "11"]
[EventCountry "SVK"]
[SourceTitle "EXT 2019"]
[Source "ChessBase"]
[SourceDate "2018.10.10"]
[SourceVersion "1"]
[SourceVersionDate "2018.10.10"]
[SourceQuality "1"]
[WhiteTeam "Nitra ASK"]
[BlackTeam "Dubnica nad Vahom II"]
[WhiteTeamCountry "SVK"]
[BlackTeamCountry "SVK"]

1. d4 b5 2. e4 Bb7 3. Bxb5 Bxe4 4. Nf3 Nf6 5. 0-0 e6 6. c4 Bb7 7. Re1 Be7 8. Nc3 0-0 9. Ba4 d6 10. Bc2 Nbd7 11. Qe2 Re8 12. h3 c5 13. dxc5 Nxc5 14. Be3 a6 15. Rac1 Rc8 16. Red1 Qc7 17. Nd4 Qb8 18. a3 Qa8 19. f3 Bf8 20. Nb3 Nxb3 21. Bxb3 d5 22. cxd5 exd5 23. Qf2 Rxe3 24. Qxe3 Bc5 25. Rd4 Qa7 26. Rcd1 Re8 27. Qd2 Qb6 28. Ba4 Re7 29. b4 Bxd4+ 30. Qxd4 Qxd4+ 31. Rxd4 Re3 32. Nd1 Rxa3 33. Bc2 Kf8 34. Kf2 Ke7 35. Ne3 g6 36. g4 h6 37. h4 Ke6 38. f4 Ne4+ 39. Bxe4 dxe4 40. Rc4 Ra2+ 41. Ke1 Kd6 42. Rd4+ Kc7 43. h5 gxh5 44. gxh5 Rh2 45. Rc4+ Kd7 46. Rc5 Rb2 47. Ng4 Rxb4 48. Nxh6 e3 49. Ke2 Rxf4 50. Kxe3 Rf3+ 51. Kd4 Rf4+ 52. Ke3 Re4+ 53. Kd3 Kd6 54. Rf5 Rh4 55. Rxf7 Be4+ 56. Ke3 Rxh5 57. Kxe4 Rxh6 58. Kd4 1/2-1/2

[Event "WchT Seniors 50"]
[Site "Dresden"]
[Date "2015.03.02"]
[Round "7.3"]
[White "Timoscenko, Gennadij A"]
[Black "Paehtz, Thomas Sr"]
[Result "1-0"]
[WhiteElo "2457"]
[BlackElo "2365"]
[PlyCount "159"]
[EventDate "2015.02.24"]
[EventType "team-swiss"]
[EventRounds "9"]
[EventCountry "GER"]
[SourceTitle "CBM 165 Extra"]
[Source "ChessBase"]
[SourceDate "2015.04.21"]
[SourceVersion "1"]
[SourceVersionDate "2015.04.21"]
[SourceQuality "1"]
[WhiteTeam "Slovakia"]
[BlackTeam "Thueringen"]
[WhiteTeamCountry "SVK"]
[BlackTeamCountry "GER"]

1. d4 e6 2. c4 Bb4+ 3. Bd2 a5 4. Nc3 Nf6 5. a3 Bxc3 6. Bxc3 d5 7. e3 0-0 8. Nf3 b6 9. Bd3 Ba6 10. Qe2 dxc4 11. Bxc4 Bxc4 12. Qxc4 Na6 13. 0-0 Qd5 14. Qe2 Ne4 15. Rac1 Rfd8 16. Rfd1 Qb7 17. Nd2 Nxc3 18. bxc3 Nb8 19. Rb1 Nd7 20. a4 Qc6 21. Qc4 Qxc4 22. Nxc4 Kf8 23. e4 f6 24. f3 e5 25. Kf2 Re8 26. Rb5 Rad8 27. dxe5 Nxe5 28. Rxd8 Rxd8 29. Nxe5 fxe5 30. Ke2 Re8 31. c4 Re6 32. c5 Ke7 33. cxb6 cxb6 34. h4 Kf6 35. g3 Rc6 36. Kd3 Rd6+ 37. Rd5 Rc6 38. f4 exf4 39. gxf4 g6 40. h5 Ke6 41. h6 Rc1 42. Rb5 Rc6 43. Re5+ Kf7 44. Rd5 Ke7 45. Rb5 Rd6+ 46. Ke3 Rc6 47. Kf3 Rc3+ 48. Kg4 Rc6 49. e5 Ke6 50. Kg5 Ke7 51. Rb3 Ke6 52. Rd3 Ke7 53. Rd4 Ke8 54. Kg4 Ke7 55. Kf3 Rc3+ 56. Ke4 Rb3 57. Rc4 Kd7 58. Kd5 Rd3+ 59. Ke4 Rb3 60. Kd5 Rd3+ 61. Rd4 Rc3 62. Ke4+ Ke7 63. Rd6 Rb3 64. Kd5 b5 65. Ra6 bxa4 66. Ra7+ Kf8 67. Rxa5 Rb7 68. Rxa4 Kf7 69. Ke4 Ke7 70. Kf3 Rb3+ 71. Kg4 Rb7 72. f5 gxf5+ 73. Kxf5 Kf7 74. Ra8 Rb1 75. Ra7+ Kg8 76. Kf6 Rf1+ 77. Ke6 Rf8 78. Kd6 Rb8 79. e6 Rb6+ 80. Ke7 1-0

[Event "WchT Seniors 50"]
[Site "Dresden"]
[Date "2015.02.27"]
[Round "4.3"]
[White "Timoscenko, Gennadij A"]
[Black "Speelman, Jonathan S"]
[Result "1/2-1/2"]
[WhiteElo "2457"]
[BlackElo "2506"]
[PlyCount "29"]
[EventDate "2015.02.24"]
[EventType "team-swiss"]
[EventRounds "9"]
[EventCountry "GER"]
[SourceTitle "CBM 165 Extra"]
[Source "ChessBase"]
[SourceDate "2015.04.21"]
[SourceVersion "1"]
[SourceVersionDate "2015.04.21"]
[SourceQuality "1"]
[WhiteTeam "Slovakia"]
[BlackTeam "England"]
[WhiteTeamCountry "SVK"]
[BlackTeamCountry "ENG"]

1. d4 e6 2. c4 b6 3. a3 Bb7 4. Nc3 f5 5. Nf3 Nf6 6. g3 Ne4 7. Qc2 Be7 8. Bg2 0-0 9. 0-0 Bf6 10. Rd1 Nxc3 11. Qxc3 c5 12. Be3 Nc6 13. Qd3 cxd4 14. Nxd4 Qe7 15. Nxc6 1/2-1/2

[Event "SVK-chT2B 1415"]
[Site "Slovakia"]
[Date "2015.02.14"]
[Round "8.1"]
[White "Timoscenko, Gennadij A"]
[Black "Szegi, Tamas"]
[Result "1/2-1/2"]
[WhiteElo "2457"]
[BlackElo "2186"]
[PlyCount "88"]
[EventDate "2014.10.11"]
[EventType "team-tourn"]
[EventRounds "11"]
[EventCountry "SVK"]
[SourceTitle "EXT 2019"]
[Source "ChessBase"]
[SourceDate "2018.10.10"]
[SourceVersion "1"]
[SourceVersionDate "2018.10.10"]
[SourceQuality "1"]
[WhiteTeam "Nitra ASK"]
[BlackTeam "Batorove Kosihy"]
[WhiteTeamCountry "SVK"]
[BlackTeamCountry "SVK"]

1. d4 Nf6 2. c4 g6 3. Nc3 d5 4. Nf3 Bg7 5. Qb3 dxc4 6. Qxc4 a6 7. Bf4 c6 8. e4 0-0 9. Be2 b5 10. Qd3 c5 11. dxc5 Qxd3 12. Bxd3 Nbd7 13. c6 Nc5 14. Bc2 b4 15. Nd5 Nxd5 16. exd5 Bxb2 17. Rb1 Bc3+ 18. Bd2 Rd8 19. Bxc3 bxc3 20. c7 Rf8 21. Rb4 Ra7 22. Rc4 Rxc7 23. Rxc3 Nd3+ 24. Kd2 Rxc3 25. Kxc3 Nf4 26. Bb3 Rd8 27. Rd1 Bb7 28. Kb4 Nxd5+ 29. Ka5 e6 30. Bxd5 Bxd5 31. a4 Rd6 32. Ne5 f6 33. Nc4 Rc6 34. Ne3 Kf7 35. Nxd5 exd5 36. Rxd5 Ke6 37. Rd2 h5 38. h4 Ke5 39. Re2+ Kf5 40. Re3 g5 41. Rf3+ Ke5 42. Re3+ Kf5 43. Rf3+ Ke5 44. Re3+ Kf5 1/2-1/2

[Event "SVK-chT2B 1314"]
[Site "Slovakia"]
[Date "2013.11.24"]
[Round "4.1"]
[White "Timoscenko, Gennadij A"]
[Black "Hanko, Pavol"]
[Result "0-1"]
[WhiteElo "2473"]
[BlackElo "2141"]
[PlyCount "94"]
[EventDate "2013.10.19"]
[EventType "team-tourn"]
[EventRounds "11"]
[EventCountry "SVK"]
[SourceTitle "EXT 2015"]
[Source "ChessBase"]
[SourceDate "2014.11.20"]
[SourceVersion "1"]
[SourceVersionDate "2014.11.20"]
[SourceQuality "1"]
[WhiteTeam "Nitra ASK"]
[BlackTeam "Prievidza II"]
[WhiteTeamCountry "SVK"]
[BlackTeamCountry "SVK"]

1. e4 c5 2. Nf3 e6 3. d4 cxd4 4. Nxd4 Nf6 5. Nc3 d6 6. Be3 a6 7. g4 h6 8. h4 Nc6 9. Nxc6 bxc6 10. Qf3 h5 11. gxh5 Nxh5 12. 0-0-0 Qc7 13. Bc4 Bb7 14. Bg5 Nf6 15. e5 c5 16. Qe2 dxe5 17. Rh3 e4 18. Kb1 Be7 19. Bxf6 gxf6 20. Nxe4 Qf4 21. Nc3 Rxh4 22. Rxh4 Qxh4 23. Bxe6 fxe6 24. Qxe6 Kf8 25. Rg1 Qh7 26. Ne2 Rd8 27. Nf4 Rd2 28. Ka1 Rxf2 29. Nd5 Bxd5 30. Qxd5 Rf5 31. Qa8+ Kf7 32. Qxa6 Rg5 33. Qc4+ Kf8 34. Re1 Qh2 35. Qe6 Re5 36. Qc8+ Kf7 37. Rb1 Qxc2 38. Qh3 c4 39. Qf3 Qd3 40. Qb7 Qd2 41. Qh1 Qd3 42. Rc1 Qe4 43. Qh3 Bb4 44. a3 Be7 45. Rc3 Rg5 46. Rc1 Qd3 47. Qh4 Bxa3 0-1

[Event "Wch Seniors 22nd"]
[Site "Kamena Vourla"]
[Date "2012.11.18"]
[Round "6"]
[White "Timoscenko, Gennadij A"]
[Black "Suba, Mihai"]
[Result "1/2-1/2"]
[WhiteElo "2490"]
[BlackElo "2418"]
[PlyCount "56"]
[EventDate "2012.11.13"]
[EventType "swiss"]
[EventRounds "11"]
[EventCountry "GRE"]
[SourceTitle "CBM 151 Extra"]
[Source "ChessBase"]
[SourceDate "2012.12.18"]
[SourceVersion "1"]
[SourceVersionDate "2012.12.18"]
[SourceQuality "1"]

1. d4 Nf6 2. c4 e6 3. Nc3 Bb4 4. Qc2 0-0 5. a3 Bxc3+ 6. Qxc3 h6 7. Nf3 b6 8. e3 Bb7 9. Be2 d6 10. 0-0 Nbd7 11. b4 Qe7 12. Bb2 Rfc8 13. Rfd1 a5 14. d5 e5 15. Nd2 c6 16. dxc6 Bxc6 17. Qb3 Qe6 18. Rdc1 Ne4 19. Nxe4 Bxe4 20. Qd1 Qe7 21. Qd2 axb4 22. axb4 Nf6 23. Rd1 Ne8 24. f3 Bf5 25. Rxa8 Rxa8 26. Ra1 Rxa1+ 27. Bxa1 Qa7 28. Bc3 Be6 1/2-1/2

[Event "Wch Seniors 21st"]
[Site "Rijeka"]
[Date "2011.11.24"]
[Round "9"]
[White "Timoscenko, Gennadij A"]
[Black "Vaisser, Anatoli"]
[Result "1/2-1/2"]
[WhiteElo "2483"]
[BlackElo "2555"]
[PlyCount "60"]
[EventDate "2011.11.15"]
[EventType "swiss"]
[EventRounds "11"]
[EventCountry "CRO"]
[SourceTitle "CBM 145 Extra"]
[Source "ChessBase"]
[SourceDate "2012.01.03"]
[SourceVersion "1"]
[SourceVersionDate "2012.01.03"]
[SourceQuality "1"]

1. d4 Nf6 2. c4 c5 3. d5 b5 4. cxb5 a6 5. bxa6 g6 6. Nc3 Bxa6 7. e4 Bxf1 8. Kxf1 d6 9. Nf3 Nbd7 10. g3 Bg7 11. Kg2 0-0 12. a4 Ra6 13. Ra3 Qa8 14. Qc2 e6 15. dxe6 fxe6 16. Nb5 Qb7 17. Re1 d5 18. exd5 exd5 19. Bf4 Ne4 20. Nc7 Rxf4 21. gxf4 Qxc7 22. Rxe4 dxe4 23. Qc4+ Kf8 24. Qxa6 exf3+ 25. Rxf3 Bxb2 26. f5 g5 27. Rb3 Bd4 28. Rb7 Qf4 29. Qh6+ Bg7 30. Qe6 Qg4+ 1/2-1/2

[Event "Wch Seniors 21st"]
[Site "Rijeka"]
[Date "2011.11.22"]
[Round "7"]
[White "Timoscenko, Gennadij A"]
[Black "Chernov, Evgeny"]
[Result "1-0"]
[WhiteElo "2483"]
[BlackElo "2311"]
[PlyCount "67"]
[EventDate "2011.11.15"]
[EventType "swiss"]
[EventRounds "11"]
[EventCountry "CRO"]
[SourceTitle "CBM 145 Extra"]
[Source "ChessBase"]
[SourceDate "2012.01.03"]
[SourceVersion "1"]
[SourceVersionDate "2012.01.03"]
[SourceQuality "1"]

1. d4 Nf6 2. c4 e6 3. Nc3 c5 4. d5 d6 5. Nf3 exd5 6. cxd5 g6 7. Bf4 a6 8. a4 Nh5 9. Bg5 Qc7 10. Nd2 h6 11. Bh4 f5 12. e3 Be7 13. Bxe7 Qxe7 14. Nc4 Nd7 15. Be2 Nhf6 16. 0-0 0-0 17. Rb1 Rb8 18. b4 cxb4 19. Rxb4 b6 20. Qd4 a5 21. Rbb1 Ba6 22. Nxb6 Rxb6 23. Rxb6 Bxe2 24. Nxe2 Nxb6 25. Qxb6 Qd8 26. Qc6 Qb8 27. Nf4 Rc8 28. Qa6 g5 29. Ne6 Nxd5 30. Qxa5 Qa8 31. Qb5 Kf7 32. Qd7+ Ne7 33. Nc7 Qe4 34. Nb5 1-0

[Event "Wch Seniors 21st"]
[Site "Rijeka"]
[Date "2011.11.18"]
[Round "4"]
[White "Malmdin, Nils Ake"]
[Black "Timoscenko, Gennadij A"]
[Result "1/2-1/2"]
[WhiteElo "2308"]
[BlackElo "2483"]
[PlyCount "57"]
[EventDate "2011.11.15"]
[EventType "swiss"]
[EventRounds "11"]
[EventCountry "CRO"]
[SourceTitle "CBM 145 Extra"]
[Source "ChessBase"]
[SourceDate "2012.01.03"]
[SourceVersion "1"]
[SourceVersionDate "2012.01.03"]
[SourceQuality "1"]

1. e4 c5 2. Nf3 Nc6 3. Nc3 Nf6 4. d4 cxd4 5. Nxd4 e5 6. Ndb5 d6 7. Bg5 a6 8. Na3 b5 9. Nd5 Be7 10. Bxf6 Bxf6 11. c3 0-0 12. Nc2 Bg5 13. a4 bxa4 14. Rxa4 a5 15. Bc4 Rb8 16. b3 Kh8 17. Nce3 g6 18. Bd3 f5 19. h4 Bxe3 20. Nxe3 f4 21. Nd5 Be6 22. h5 Qg5 23. hxg6 Qxg6 24. Rh2 Rb7 25. Bc2 Rg7 26. Rc4 Nd8 27. Ra4 Nc6 28. Rc4 Nd8 29. Ra4 1/2-1/2

[Event "Vienna op 17th"]
[Site "Vienna"]
[Date "2011.08.15"]
[Round "3"]
[White "Timoscenko, Gennadij A"]
[Black "Gasik, Anna"]
[Result "1/2-1/2"]
[WhiteElo "2502"]
[BlackElo "2220"]
[PlyCount "96"]
[EventDate "2011.08.13"]
[EventType "swiss"]
[EventRounds "9"]
[EventCountry "AUT"]
[SourceTitle "CBM 143 Extra"]
[Source "ChessBase"]
[SourceDate "2011.08.29"]
[SourceVersion "1"]
[SourceVersionDate "2011.08.29"]
[SourceQuality "1"]

1. d4 d5 2. c4 c6 3. Nf3 Nf6 4. Nc3 e6 5. e3 Nbd7 6. Qc2 Bd6 7. g4 h6 8. h3 Qe7 9. Rg1 a6 10. Bd2 dxc4 11. Bxc4 b5 12. Be2 Bb7 13. h4 g6 14. g5 hxg5 15. hxg5 Nh5 16. Ne4 Bb4 17. Bxb4 Qxb4+ 18. Nfd2 e5 19. dxe5 Nxe5 20. Bxh5 gxh5 21. Nf6+ Ke7 22. 0-0-0 Rad8 23. a3 Qa4 24. Qc5+ Ke6 25. Nde4 Nd3+ 26. Rxd3 Rxd3 27. f4 Qc4+ 28. Qxc4+ bxc4 29. Nc5+ Kf5 30. Nxd3 cxd3 31. Kd2 h4 32. Ng4 c5 33. Nh6+ Kg6 34. f5+ Kg7 35. Rg4 h3 36. Rh4 Bg2 37. Kxd3 Rd8+ 38. Ke2 f6 39. Ng4 fxg5 40. Rh6 Rb8 41. Rg6+ Kf8 42. Rf6+ Kg7 43. Rg6+ Kf8 44. Kf2 Rxb2+ 45. Kg3 Bf1 46. Rf6+ Kg7 47. Rg6+ Kf8 48. Rf6+ Kg7 1/2-1/2

[Event "SVK-ch op-A"]
[Site "Banska Stiavnica"]
[Date "2011.07.17"]
[Round "9"]
[White "Timoscenko, Gennadij A"]
[Black "Aczel, Gergely"]
[Result "1-0"]
[WhiteElo "2502"]
[BlackElo "2470"]
[PlyCount "125"]
[EventDate "2011.07.09"]
[EventType "swiss"]
[EventRounds "9"]
[EventCountry "SVK"]
[SourceTitle "CBM 143 Extra"]
[Source "ChessBase"]
[SourceDate "2011.08.29"]
[SourceVersion "1"]
[SourceVersionDate "2011.08.29"]
[SourceQuality "1"]

1. d4 Nf6 2. c4 e6 3. Nc3 Bb4 4. Qc2 Nc6 5. Nf3 d6 6. Bd2 0-0 7. a3 Bxc3 8. Bxc3 Qe7 9. g3 e5 10. d5 e4 11. Ng5 Ne5 12. Nxe4 Bf5 13. Nxf6+ Qxf6 14. Qd1 Qe7 15. Bg2 f6 16. Bxe5 Qxe5 17. Qd2 Rfe8 18. e3 b5 19. cxb5 a6 20. 0-0 axb5 21. Rac1 Ra7 22. Qb4 Rb8 23. Rfd1 Ra4 24. Qb3 Qe7 25. Rc6 Rb7 26. Rdc1 Kf8 27. Bf1 Raa7 28. Rd1 Bd7 29. Rcc1 Ra4 30. Rc4 Rxc4 31. Bxc4 Qe4 32. Bf1 Qa4 33. Qd3 Kg8 34. b4 Qa8 35. Rc1 Qe8 36. Rc3 Qe7 37. Qc2 Be8 38. Bd3 h6 39. h4 Bf7 40. Be4 Kf8 41. Bg2 Kg8 42. Kh2 Be8 43. Bh3 Bf7 44. e4 Bg6 45. Be6+ Bf7 46. Bxf7+ Kxf7 47. h5 Ke8 48. Qe2 Qd7 49. f4 Kf8 50. Qf1 Qe8 51. Qf3 Kg8 52. Re3 Ra7 53. Qg4 Kh8 54. Qf5 Qf7 55. Qc8+ Kh7 56. Qf5+ Kh8 57. Qg6 Qe7 58. e5 dxe5 59. fxe5 fxe5 60. Rf3 Kg8 61. Qc6 e4 62. d6 Qe6 63. d7 1-0

[Event "SVK-ch op-A"]
[Site "Banska Stiavnica"]
[Date "2011.07.15"]
[Round "7"]
[White "Timoscenko, Gennadij A"]
[Black "Petrik, Tomas"]
[Result "0-1"]
[WhiteElo "2502"]
[BlackElo "2505"]
[PlyCount "120"]
[EventDate "2011.07.09"]
[EventType "swiss"]
[EventRounds "9"]
[EventCountry "SVK"]
[SourceTitle "CBM 143 Extra"]
[Source "ChessBase"]
[SourceDate "2011.08.29"]
[SourceVersion "1"]
[SourceVersionDate "2011.08.29"]
[SourceQuality "1"]

1. d4 Nf6 2. c4 e6 3. Nc3 Bb4 4. Qc2 0-0 5. a3 Bxc3+ 6. Qxc3 d5 7. Nf3 dxc4 8. Qxc4 b6 9. Bg5 Ba6 10. Qa4 c5 11. e3 Bxf1 12. Rxf1 Nbd7 13. Ke2 b5 14. Qd1 h6 15. Bxf6 Qxf6 16. Qd3 c4 17. Qe4 Nc5 18. Qe5 Qxe5 19. Nxe5 Nb3 20. Rad1 Rfd8 21. Nf3 Kf8 22. Nd2 Nxd2 23. Rxd2 Ke7 24. Rc1 a6 25. Rdc2 Kf6 26. Rc3 Rac8 27. a4 h5 28. axb5 axb5 29. b3 cxb3 30. Kd3 Rc4 31. Rb1 Rxc3+ 32. Kxc3 e5 33. Rxb3 exd4+ 34. exd4 Rc8+ 35. Kb4 Rc4+ 36. Kxb5 Rxd4 37. Rf3+ Ke6 38. Kc5 Re4 39. Rd3 g6 40. g3 g5 41. Rd6+ Kf5 42. Rh6 Re2 43. h4 Rxf2 44. hxg5 Kxg5 45. Rh7 Rf5+ 46. Kd4 Kg4 47. Ke4 f6 48. Rh6 Re5+ 49. Kd4 Kxg3 50. Rxf6 Rg5 51. Ke3 h4 52. Rf3+ Kg2 53. Rf2+ Kg1 54. Ra2 Rf5 55. Ra4 h3 56. Rg4+ Kf1 57. Rh4 Ra5 58. Rh8 Ra3+ 59. Kf4 Kg2 60. Rb8 Rf3+ 0-1

[Event "SVK-ch op-A"]
[Site "Banska Stiavnica"]
[Date "2011.07.12"]
[Round "4"]
[White "Ponizil, Cyril"]
[Black "Timoscenko, Gennadij A"]
[Result "1-0"]
[WhiteElo "2388"]
[BlackElo "2502"]
[PlyCount "99"]
[EventDate "2011.07.09"]
[EventType "swiss"]
[EventRounds "9"]
[EventCountry "SVK"]
[SourceTitle "CBM 143 Extra"]
[Source "ChessBase"]
[SourceDate "2011.08.29"]
[SourceVersion "1"]
[SourceVersionDate "2011.08.29"]
[SourceQuality "1"]

1. e4 e5 2. f4 exf4 3. Bc4 Nf6 4. Nc3 c6 5. Bb3 d5 6. exd5 cxd5 7. d4 Bd6 8. Nge2 0-0 9. 0-0 g5 10. Nxd5 Nc6 11. c3 Bf5 12. h4 h6 13. Ng3 Bg6 14. Nxf6+ Qxf6 15. Qg4 Kh8 16. Qh3 Bh7 17. hxg5 Qxg5 18. Nh5 Bf5 19. Qh2 f3 20. Bxg5 Bxh2+ 21. Kxh2 hxg5 22. Ng3 Bg6 23. gxf3 Na5 24. Bd5 Rad8 25. Be4 Nc4 26. Bxg6 fxg6 27. Ne4 Rde8 28. Kg3 g4 29. Rh1+ Kg7 30. Kxg4 Ne3+ 31. Kg3 Nf5+ 32. Kh3 Ne3 33. Kg3 Nf5+ 34. Kf2 Nxd4 35. cxd4 Rxe4 36. Rac1 Rf7 37. Rhd1 Ref4 38. Rc3 g5 39. Kg3 Rd7 40. d5 Kf6 41. d6 Rb4 42. b3 a5 43. Rc5 Rb6 44. Rxa5 Rbxd6 45. Rxd6+ Rxd6 46. Rb5 b6 47. a4 Kg6 48. Kf2 Re6 49. Rd5 Kf6 50. Kg3 1-0

[Event "Wch Seniors 20th"]
[Site "Arco"]
[Date "2010.11.06"]
[Round "11"]
[White "Simon Padros, Emili"]
[Black "Timoscenko, Gennadij A"]
[Result "0-1"]
[WhiteElo "2241"]
[BlackElo "2499"]
[PlyCount "48"]
[EventDate "2010.10.26"]
[EventType "swiss"]
[EventRounds "11"]
[EventCountry "ITA"]
[SourceTitle "EXT 2011"]
[Source "ChessBase"]
[SourceDate "2010.11.26"]
[SourceVersion "1"]
[SourceVersionDate "2010.11.26"]
[SourceQuality "1"]

1. e4 e5 2. Nf3 Nc6 3. Bb5 a6 4. Ba4 Nf6 5. 0-0 Be7 6. Re1 b5 7. Bb3 0-0 8. d4 Nxd4 9. Bxf7+ Rxf7 10. Nxe5 Rf8 11. Qxd4 c5 12. Qd1 Bb7 13. Nc3 Qe8 14. Ng4 b4 15. Nxf6+ Bxf6 16. Nd5 Bd4 17. Bf4 Bxb2 18. Rb1 Bd4 19. Be3 Qxe4 20. c4 bxc3 21. Rxb7 Qxd5 22. Rb3 Qc4 23. Qg4 Rae8 24. Qxd7 Rxe3 0-1

[Event "Wch Seniors 20th"]
[Site "Arco"]
[Date "2010.10.29"]
[Round "4"]
[White "Micheli, Carlo"]
[Black "Timoscenko, Gennadij A"]
[Result "0-1"]
[WhiteElo "2263"]
[BlackElo "2499"]
[PlyCount "80"]
[EventDate "2010.10.26"]
[EventType "swiss"]
[EventRounds "11"]
[EventCountry "ITA"]
[SourceTitle "EXT 2011"]
[Source "ChessBase"]
[SourceDate "2010.11.26"]
[SourceVersion "1"]
[SourceVersionDate "2010.11.26"]
[SourceQuality "1"]

1. e4 e5 2. Nf3 Nc6 3. c3 d5 4. Qa4 Bd7 5. d3 Nd4 6. Qd1 Nxf3+ 7. Qxf3 Bc6 8. Nd2 g6 9. g4 Bg7 10. Bg2 Ne7 11. h4 f5 12. gxf5 0-0 13. f6 Rxf6 14. Qg3 Kh8 15. Nb3 dxe4 16. dxe4 h5 17. Bg5 Rd6 18. 0-0 Bb5 19. Rfe1 Qe8 20. f4 Ng8 21. f5 b6 22. Nd4 Bd7 23. Nf3 Rb8 24. f6 Nxf6 25. Nxe5 Ng4 26. Nxg4 Bxg4 27. Bf4 Rd7 28. Bf1 Qf8 29. e5 Re8 30. b4 Rf7 31. Re4 Bf5 32. Rd4 c5 33. Rd6 Bg4 34. Rf6 Rxf6 35. exf6 Qxf6 36. Rc1 cxb4 37. cxb4 Qd4+ 38. Kh2 Qxb4 39. Bd3 Rf8 40. Rf1 Kh7 0-1

[Event "EU-ch Seniors 10th"]
[Site "Thessaloniki"]
[Date "2010.04.11"]
[Round "2"]
[White "Timoscenko, Gennadij A"]
[Black "Grinberg, Iosif P"]
[Result "1-0"]
[WhiteElo "2495"]
[BlackElo "2268"]
[PlyCount "50"]
[EventDate "2010.04.10"]
[EventType "swiss"]
[EventRounds "9"]
[EventCountry "GRE"]
[SourceTitle "CBM 135 Extra"]
[Source "ChessBase"]
[SourceDate "2010.05.04"]
[SourceVersion "1"]
[SourceVersionDate "2010.05.04"]
[SourceQuality "1"]

1. d4 d5 2. c4 c6 3. Nc3 Nf6 4. e3 g6 5. Nf3 Bg7 6. Be2 0-0 7. 0-0 Nbd7 8. cxd5 Nxd5 9. e4 Nxc3 10. bxc3 Nf6 11. Qd3 c5 12. Bg5 cxd4 13. cxd4 b6 14. Rad1 Bb7 15. d5 h6 16. Bxf6 Bxf6 17. e5 Bg7 18. Qb3 Qd7 19. Bb5 Qf5 20. Rfe1 Rfd8 21. Bc6 Qc8 22. Nd4 Qb8 23. Qf3 Re8 24. d6 Bxc6 25. Nxc6 Qc8 1-0

[Event "SVK-chT 0910"]
[Site "Slovakia"]
[Date "2009.11.28"]
[Round "3"]
[White "Macak, Stefan"]
[Black "Timoscenko, Gennadij A"]
[Result "0-1"]
[WhiteElo "2468"]
[BlackElo "2495"]
[PlyCount "56"]
[EventDate "2009.10.24"]
[EventType "team-tourn"]
[EventRounds "11"]
[EventCountry "SVK"]
[SourceTitle "EXT 2019"]
[Source "ChessBase"]
[SourceDate "2018.10.10"]
[SourceVersion "1"]
[SourceVersionDate "2018.10.10"]
[SourceQuality "1"]
[WhiteTeam "Kosice Slavia"]
[BlackTeam "Nitra"]
[WhiteTeamCountry "SVK"]
[BlackTeamCountry "SVK"]

1. e4 e5 2. Nf3 Nc6 3. Bb5 a6 4. Ba4 Nf6 5. 0-0 Be7 6. Re1 b5 7. Bb3 0-0 8. c3 d5 9. exd5 Nxd5 10. Nxe5 Nxe5 11. Rxe5 c6 12. d4 Bd6 13. Re1 Qh4 14. g3 Qh3 15. Bxd5 cxd5 16. Qd3 Bg4 17. Be3 f5 18. f4 g5 19. Qf1 Qh5 20. Nd2 h6 21. Qg2 Kh7 22. Qf2 Rae8 23. Nf1 Re4 24. Bd2 gxf4 25. Bxf4 Bxf4 26. gxf4 Rg8 27. Ng3 Bf3 28. Rf1 Re2 0-1

[Event "Vienna op 16th"]
[Site "Vienna"]
[Date "2009.08.23"]
[Round "9"]
[White "Shengelia, Davit"]
[Black "Timoscenko, Gennadij A"]
[Result "1/2-1/2"]
[WhiteElo "2586"]
[BlackElo "2482"]
[PlyCount "168"]
[EventDate "2009.08.15"]
[EventType "swiss"]
[EventRounds "9"]
[EventCountry "AUT"]
[SourceTitle "CBM 131 Extra"]
[Source "ChessBase"]
[SourceDate "2009.09.03"]
[SourceVersion "2"]
[SourceVersionDate "2009.09.16"]
[SourceQuality "1"]

1. d4 d5 2. c4 c6 3. Nf3 Nf6 4. e3 Bg4 5. h3 Bxf3 6. Qxf3 e6 7. Bd3 Nbd7 8. Nc3 Bd6 9. cxd5 exd5 10. g4 g6 11. Bd2 Qe7 12. 0-0-0 0-0-0 13. Kb1 Rhe8 14. Bc2 Nf8 15. Bc1 Ne6 16. Qg2 Bb4 17. Ne2 Bd6 18. f3 c5 19. dxc5 Bxc5 20. g5 Nh5 21. f4 Nc7 22. Nd4 f5 23. gxf6 Nxf6 24. h4 Kb8 25. Rh3 a6 26. f5 gxf5 27. Nxf5 Qe5 28. Qg3 Ne4 29. Qxe5 Rxe5 30. Rf1 Rf8 31. Rhf3 Ne8 32. Rf4 Rf7 33. Nd4 Rxf4 34. exf4 Rh5 35. Ne6 Be7 36. Ng5 N8f6 37. Re1 Rxh4 38. Nxe4 Nxe4 39. Bxe4 dxe4 40. Rxe4 Bd6 41. Kc2 Kc7 42. Kd3 Rh3+ 43. Kd4 Rh1 44. Bd2 Rh2 45. Bc3 Rf2 46. Ke3 Bc5+ 47. Kd3 Bd6 48. Ke3 Bc5+ 49. Bd4 Bxd4+ 50. Rxd4 Rxb2 51. f5 Rb6 52. Ke4 Rd6 53. Rb4 b5 54. a4 Kd8 55. Ke5 Rb6 56. a5 Rc6 57. Rg4 h5 58. Rg8+ Ke7 59. Rg7+ Kf8 60. Rb7 h4 61. Rb6 Rc5+ 62. Kf6 Rc8 63. Rxa6 h3 64. Kg5 h2 65. Rh6 Rc2 66. Kg6 Rg2+ 67. Kf6 Kg8 68. a6 Ra2 69. Kg6 Rg2+ 70. Kf6 Ra2 71. a7 Rxa7 72. Rxh2 Ra6+ 73. Ke7 Ra7+ 74. Kf6 Ra6+ 75. Kg5 b4 76. Rd2 b3 77. Rd8+ Kf7 78. Rd7+ Kf8 79. Rb7 b2 80. Rxb2 Rc6 81. Re2 Ra6 82. Re6 Rxe6 83. fxe6 Ke7 84. Kf5 Ke8 1/2-1/2